000 01074njm a22002777a 4500
005 20100920102823.0
007 sd ammalaaahaa
008 100913t xxu||||| |||| 00| 0 hin d
028 _aSFLP 1003
_bSUPER
035 _aGR-03661
040 _aSED/VEN
100 _aBhal Singh
_91184
245 _aChhail galiyan jangee /
_cproduced by Bhal Singh ; directed by Arvind Kumar; music by Ved Pal
_h[sound recording] :
246 _aछैल गलियां जंगी
260 _aDum Dum India
_bSUPER
_c1984
300 _a1 sound disc [Gramophone record] :
_banalog, 33 1/3 rpm
_c12.5 in. (LP)
_fGramophone Record
500 _aBrief Record
500 _aRecord label :SUPER, Red
505 _aSide-1 (Dekhe se badmas) (Savita Sethi) Side-२ (Main chhail gailyan jangee) (Anuradha Paudwal)
600 _aBhal Singh
_919992
650 _aHaryanvi Film Songs
_xExcerpts
_zIndia
_919603
700 _919604
_aBhal Singh
700 _919605
_aPal, Ved
942 _2ddc
_cGR
999 _c46868
_d46868